Statistics for Colours of the Rainbow on map

Click here to take the quiz!

General Stats

  • This quiz has been taken 419 times
    (280 since last reset)
  • The average score is 5 of 7

Answers on the Map

Answers color-coded by a green-red scale on the quiz's map according to % correct below.
 

Answer Stats

Answer% Correct
Blue
80%
Red
77%
Indigo
76%
Violet/Purple
76%
Green
74%
Orange
73%
Yellow
73%

Score Distribution

Percentile by Number Answered

Percent of People with Each Score

Your Score History

You have not taken this quiz since the last reset